000 00702nam a22002172 4500
001 0000002219
005 20151021151056.0
008 070404s xx 000 0 eng d
020 _a9966975403 :
_cKES 980
040 _aKABU
_cKABU
050 0 _aHF5415.13
_b.O33 2002
100 1 _aOkatch, Felix Owaga.
_@0000160944
245 1 0 _aMarketing management systems /
_cFelix Owaga Okatch.
260 _aNairobi :
_bPesisu Industries,
_c2002.
300 _avii, 408 p.
650 0 _aMarketing
_xManagement.
_@0000150912
908 _a070404
950 _@1
999 _c401
_d401